000 00327nam a22001337a 4500
008 181102b xxu||||| |||| 00| 0 eng d
020 _a9780757500596
041 _aeng
080 _23rd
_a 610.73
100 _a2
101 _aINF
245 _aFetal Heart Monitoring Principles & Practices
_cFeinstein,N
942 _2udc
_cBK
999 _c51581
_d51581